000 00708nam a2200217Ia 4500
003 GCL
008 140319s9999 xx 000 0 ara d
040 _aGCL /
_cGCL
082 0 4 _a910.03
_bر ج
100 1 _aبريتون رولان
245 1 0 _aجغرافيا الحضارات /
_cبريتون رولان
260 _a[S.N] :
_bمنشورات عويدان ،
_c1993
300 _a158 ص
490 _aسلسلة عام 2000
_v0
650 0 4 _aالحضارة العربية الاسلامية - المعارف البحرية
650 0 4 _aالحضارة
650 0 4 _aالجغرافيا
650 0 4 _aالحضارة الغربية
650 0 4 _aالحدود الجغرافية
942 _2ddc
_cBK
999 _c54868
_d54868